logo

Bir Sreshtho Munshi Abdur Rouf Library
Jhenaidah Cadet College

কল্পলোকে ক্রিকেটের গল্প / (Record no. 11327)

MARC details
000 -LEADER
fixed length control field 00786nam a2200241 a 4500
001 - CONTROL NUMBER
JCCL Control Number 11327
003 - CONTROL NUMBER IDENTIFIER
JCCL marc code BD-JhCC
005 - DATE AND TIME OF LATEST TRANSACTION
control field 20190827125508.0
008 - FIXED-LENGTH DATA ELEMENTS--GENERAL INFORMATION
fixed length control field 190626s20172018bg a|||| ||a| 000 0 ben d
020 ## - INTERNATIONAL STANDARD BOOK NUMBER
International Standard Book Number 9789849240358
035 ## - SYSTEM CONTROL NUMBER
system control number (BD-JhCC)11327
040 ## - CATALOGING SOURCE
Original cataloging agency BD-JhCC
Modifying agency BD-JhCC
041 ## - LANGUAGE CODE
Language code of Book ben
082 ## - DEWEY DECIMAL CLASSIFICATION NUMBER
Author mark and Year SHU 2018
Classification number 928
100 ## - MAIN ENTRY--PERSONAL NAME
Personal name শুভ্র, উৎপল
245 ## - TITLE STATEMENT
Title কল্পলোকে ক্রিকেটের গল্প /
Statement of responsibility, etc উৎপল শুভ্র ।
260 ## - PUBLICATION, DISTRIBUTION, ETC. (IMPRINT)
Place of publication, distribution, etc ঢাকা:
Name of publisher, distributor, etc প্রথমা প্রকাশন;
Date of publication, distribution, etc ২০১৮.
300 ## - PHYSICAL DESCRIPTION
Pagination ১৪৩ পৃ. :
Other physical details ill;
Dimensions ২২ সেমি.
600 ## - SUBJECT ADDED ENTRY--PERSONAL NAME
Personal name ব্রাডম্যান, ডন
650 ## - SUBJECT ADDED ENTRY--TOPICAL TERM
Topical term or geographic name as entry element Biography
General subdivision Cricketer
942 ## - ADDED ENTRY ELEMENTS (KOHA)
Source of classification or shelving scheme Dewey Decimal Classification
Koha item type Books
Holdings
Source of classification or shelving scheme Damaged status Not for loan Home library Current library Shelving location Date of accession Cost, normal purchase price Total Checkouts Full call number Barcode Date last seen Copy number Koha item type
Dewey Decimal Classification     JCC Rouf Library JCC Rouf Library General Stacks 06/26/2019 255.00   928 SHU 2018 15491 08/26/2019 C-1 Books

JCC Library | Contacts | JCC Home

Last Update on 23 September 2017
Copyright @ 2017-2020 JCC Rouf Library
Rouf Library, Jhenidah Cadet College (JCC), Bangladesh